Zborník z druhej krajskej konferencie o výchove k ochrane, tvorbe a skvalitňovaní životného prostredia

Bibliographic Details
Other Authors: Fingerland, Karol (Compiler)
Format: Book
Language:Slovak
PhysicalDescription:165 strán 29 cm
Published: Bratislava Krajský pedagogický ústav 1988
Edition:1. vyd.
Subjects:

MARC

LEADER 00000cam a2200000 a 4500
001 vtls001081095
003 SK-MaSNL
005 20260301153245.0
008 251104s1988 xo fr 10000 slo
015 |a SNBA1989/05 
035 |a SNK000023933 
035 |a urn:nbn:sk:snk-am3j3xd 
035 |a 75352F9D-A377-4A60-ABCB-8410481B880B 
035 |a urn:nbn:sk:snk-am00gjn2 
040 |a SNK  |b slo  |c SNK  |e AACR2 
041 0 |a slo 
044 |a xo  |c SK 
072 7 |a 502  |x Životné prostredie a jeho ochrana  |2 konspekt 
080 |a 504.06(082)  |2 1997 
080 |a 502/504  |2 2011 
080 |a 502.17  |2 2011 
080 |a (062.534)  |2 2011 
245 0 0 |a Zborník z druhej krajskej konferencie o výchove k ochrane, tvorbe a skvalitňovaní životného prostredia  |c Karol Fingerland 
250 |a 1. vyd. 
260 |a Bratislava  |b Krajský pedagogický ústav  |c 1988 
300 |a 165 strán  |c 29 cm 
366 |e 750 kusov 
650 0 7 |a životné prostredie  |2 SNKPH  |9 786 
650 0 7 |a ochrana životného prostredia  |2 SNKPH  |9 3352 
655 7 |a zborníky konferencií  |2 SNKPH  |9 70153 
700 1 |a Fingerland, Karol  |4 com  |9 425038 
958 |a EUIPO 
958 |a OND 
958 |a ART 
999 |c 792192  |d 794122 
952 |a SNK  |b SNK  |y PREZ  |7 0  |p 17A0853050  |o snkSB 44826  |0 0  |1 0  |4 0  |d 2012-07-09  |f 1  |l 0  |r 2026-02-24 01:41:49  |w 2026-02-24 
952 |a SNK  |b SNK  |y VYP  |7 0  |p 17A0464009  |o snkSB 44826 D1  |i snk2005/5137  |8 1  |0 0  |1 0  |4 0  |d 2005-04-04  |l 0  |r 2026-02-24 01:41:49  |w 2026-02-24